[Event "Titled Tuesday intern op 02nd Apr Early"]
[Site "Chess.com INT"]
[Date "2024.04.02"]
[Round "9"]
[White "Curi, Gabriel"]
[Black "Misailovic, Nebojsa"]
[Result "1-0"]
[WhiteElo "2106"]
[BlackElo "2373"]
[PlyCount "59"]
[EventDate "2024.04.02"]
[EventType "swiss (blitz)"]
[EventRounds "11"]
[EventCountry "USA"]
[SourceTitle "CB15_2024"]
[SourceDate "2024.04.10"]
[SourceVersion "1"]
[SourceVersionDate "2024.04.10"]
[SourceQuality "1"]

1. d4 Nf6 2. c4 e6 3. Nc3 Bb4 4. f3 d5 5. a3 Bxc3+ 6. bxc3 0-0 7. cxd5 exd5 8. e3 c5 9. Bd3 Nc6 10. Ne2 Re8 11. 0-0 Be6 12. Ng3 Qa5 13. Bd2 c4 14. Bc2 Rad8 15. e4 dxe4 16. fxe4 Bg4 17. Qc1 Nh5 18. Nh1 Qc7 19. Qe1 Qd7 20. Be3 f5 21. Qh4 Be2 22. Rxf5 Nf6 23. Rxf6 gxf6 24. Ng3 Bd3 25. Nh5 Rf8 26. Ba4 Qf7 27. Bh6 Qg6 28. Bxf8 Rxf8 29. Re1 Rf7 30. Bd1 1-0

[Event "Belgrade Gligoric 100 Ann op"]
[Site "Belgrade"]
[Date "2023.02.05"]
[Round "2"]
[White "Indjic, Aleksandar"]
[Black "Misailovic, Nebojsa"]
[Result "1-0"]
[WhiteElo "2641"]
[BlackElo "2360"]
[PlyCount "90"]
[EventDate "2023.02.05"]
[EventType "swiss (blitz)"]
[EventRounds "11"]
[EventCountry "SRB"]
[SourceTitle "EXT 2024"]
[Source "ChessBase"]
[SourceDate "2023.10.10"]
[SourceVersion "1"]
[SourceVersionDate "2023.10.10"]
[SourceQuality "1"]

1. e4 c5 2. Nc3 g6 3. g3 Bg7 4. Bg2 Nc6 5. d3 Nf6 6. f4 0-0 7. Nf3 d6 8. 0-0 Bg4 9. h3 Bxf3 10. Qxf3 Rc8 11. Kh2 Nd4 12. Qf2 b5 13. Nd1 Qa5 14. Ne3 e6 15. Bd2 Qb6 16. g4 Nd7 17. c3 Nc6 18. g5 f5 19. h4 b4 20. h5 Rce8 21. h6 Bh8 22. Rae1 fxe4 23. dxe4 Rxf4 24. Qxf4 Be5 25. Nc4 Bxf4+ 26. Bxf4 Qa6 27. Nxd6 Rf8 28. Bh3 Nd8 29. Bg3 Rxf1 30. Rxf1 bxc3 31. bxc3 Qxa2+ 32. Rf2 Qa6 33. c4 e5 34. Ne8 Ne6 35. Rd2 Ndf8 36. Nf6+ Kf7 37. Rf2 Ke7 38. Ng8+ Ke8 39. Bxe5 Qxc4 40. Nf6+ Ke7 41. Nd5+ Ke8 42. Bd6 a5 43. Nf6+ Kd8 44. Rd2 Kc8 45. Bxf8 Qxe4 1-0

[Event "Belgrade Gligoric 100 Ann op"]
[Site "Belgrade"]
[Date "2023.02.05"]
[Round "10"]
[White "Milanovic, Danilo"]
[Black "Misailovic, Nebojsa"]
[Result "0-1"]
[WhiteElo "2396"]
[BlackElo "2360"]
[PlyCount "126"]
[EventDate "2023.02.05"]
[EventType "swiss (blitz)"]
[EventRounds "11"]
[EventCountry "SRB"]
[SourceTitle "EXT 2024"]
[Source "ChessBase"]
[SourceDate "2023.10.10"]
[SourceVersion "1"]
[SourceVersionDate "2023.10.10"]
[SourceQuality "1"]

1. d4 Nf6 2. Nf3 g6 3. Nbd2 d5 4. e3 Bg7 5. b4 0-0 6. Bb2 b6 7. a4 c5 8. b5 Nbd7 9. Be2 Bb7 10. 0-0 Rc8 11. a5 cxd4 12. exd4 Rc7 13. Bd3 Ne4 14. Qe1 Ndf6 15. Nb3 Bc8 16. Ne5 Bd7 17. axb6 axb6 18. Ra6 Qb8 19. Ba3 Re8 20. Bb4 Nd6 21. Qe2 Nfe4 22. f3 Nf6 23. Nd2 Nf5 24. c3 Bc8 25. Ra3 Nd6 26. Nc6 Qb7 27. Ra7 Qxa7 28. Nxa7 Rxa7 29. Re1 Nf5 30. Nf1 h5 31. Qb2 h4 32. Ra1 Rc7 33. Ra8 h3 34. g3 Be6 35. Rxe8+ Nxe8 36. Qa3 Nfd6 37. Qa8 Kh7 38. Ne3 Bh6 39. Kf2 Bg5 40. Qa6 Nc8 41. Bc2 Ra7 42. Bb3 Rxa6 43. bxa6 Nc7 44. f4 Bh6 45. Ba3 Na7 46. Kf3 f5 47. Bxe7 Kg8 48. Bd8 Nxa6 49. Bxb6 Nb5 50. Nxd5 Nxc3 51. Nf6+ Kf7 52. d5 Kxf6 53. Bd8+ Kf7 54. dxe6+ Ke8 55. Bf6 Ne4 56. Be5 Nac5 57. Bd5 Ke7 58. Ke3 Nxe6 59. Bb2 Bg7 60. Ba3+ Nd6 61. Bc4 Bd4+ 62. Kf3 Bg1 63. Bf1 Nd4# 0-1

[Event "SRB-chT2 West"]
[Site "Arandjelovac"]
[Date "2018.10.06"]
[Round "9.5"]
[White "Misailovic, Nebojsa"]
[Black "Skakic, Zeljko"]
[Result "1-0"]
[WhiteElo "2362"]
[BlackElo "2249"]
[PlyCount "48"]
[EventDate "2018.09.07"]
[EventType "team-tourn"]
[EventRounds "11"]
[EventCountry "SRB"]
[SourceTitle "EXT 2021"]
[Source "ChessBase"]
[SourceDate "2020.10.23"]
[SourceVersion "1"]
[SourceVersionDate "2020.10.23"]
[SourceQuality "1"]
[WhiteTeam "Uzice Sloboda"]
[BlackTeam "Smederevo"]
[WhiteTeamCountry "SRB"]
[BlackTeamCountry "SRB"]

1. e4 c6 2. d4 d5 3. e5 Bf5 4. Nf3 e6 5. Be2 c5 6. c4 cxd4 7. Nxd4 Bxb1 8. Rxb1 Bb4+ 9. Bd2 Bxd2+ 10. Qxd2 Nc6 11. Nxc6 bxc6 12. cxd5 exd5 13. 0-0 Ne7 14. f4 Qb6+ 15. Kh1 Nf5 16. Bd3 Ne3 17. Rf3 d4 18. Rh3 g6 19. f5 g5 20. Rh6 Qc5 21. e6 Qe5 22. Qe2 g4 23. exf7+ Kxf7 24. Re6 Qd5 1-0

[Event "SRB-chT2 West CS"]
[Site "Serbia"]
[Date "2016.10.08"]
[Round "9.4"]
[White "Misailovic, Nebojsa"]
[Black "Dragasevic, Dragan"]
[Result "1-0"]
[WhiteElo "2344"]
[BlackElo "2190"]
[PlyCount "27"]
[EventDate "2016.09.04"]
[EventType "team-tourn"]
[EventRounds "11"]
[EventCountry "SRB"]
[SourceTitle "EXT 2018"]
[Source "ChessBase"]
[SourceDate "2017.10.13"]
[SourceVersion "1"]
[SourceVersionDate "2017.10.13"]
[SourceQuality "1"]

1. e4 d6 2. d4 Nf6 3. Nc3 g6 4. f4 Bg7 5. Nf3 Bg4 6. Be3 c6 7. h3 Bxf3 8. Qxf3 a5 9. 0-0-0 0-0 10. e5 Ne8 11. h4 f6 12. h5 fxe5 13. hxg6 exf4 14. Bc4+ 1-0

[Event "SRB-chT2 West CS"]
[Site "Serbia"]
[Date "2016.10.07"]
[Round "8.5"]
[White "Markovic, Dragan P"]
[Black "Misailovic, Nebojsa"]
[Result "0-1"]
[WhiteElo "2237"]
[BlackElo "2344"]
[PlyCount "72"]
[EventDate "2016.09.04"]
[EventType "team-tourn"]
[EventRounds "11"]
[EventCountry "SRB"]
[SourceTitle "EXT 2018"]
[Source "ChessBase"]
[SourceDate "2017.10.13"]
[SourceVersion "1"]
[SourceVersionDate "2017.10.13"]
[SourceQuality "1"]

1. e4 c5 2. c3 Nf6 3. e5 Nd5 4. d4 cxd4 5. Nf3 e6 6. cxd4 d6 7. Bd3 dxe5 8. Nxe5 Nc6 9. 0-0 Bd6 10. Nf3 0-0 11. Re1 Bd7 12. Nc3 Nf6 13. Bg5 Nb4 14. Bb1 Bc6 15. a3 Nbd5 16. Qc2 g6 17. Ne5 Rc8 18. Qe2 Be7 19. Bh6 Re8 20. Nxf7 Nxc3 21. bxc3 Qd5 22. f3 Bb5 23. Qe3 Kxf7 24. Be4 Nxe4 25. fxe4 Qd7 26. Qf4+ Kg8 27. Re3 Bf8 28. Bg5 Bg7 29. Qh4 Rf8 30. e5 Rf5 31. Rg3 Rcf8 32. h3 Rf1+ 33. Rxf1 Rxf1+ 34. Kh2 Qf7 35. Be3 Qf8 36. Qg5 Bc4 0-1

[Event "SRB-chT2 West"]
[Site "Kragujevac"]
[Date "2015.10.10"]
[Round "9.1"]
[White "Misailovic, Nebojsa"]
[Black "Vujic, Mihailo"]
[Result "1/2-1/2"]
[WhiteElo "2326"]
[BlackElo "2316"]
[PlyCount "65"]
[EventDate "2015.09.04"]
[EventType "team-tourn"]
[EventRounds "11"]
[EventCountry "SRB"]
[SourceTitle "EXT 2022"]
[Source "ChessBase"]
[SourceDate "2021.10.06"]
[SourceVersion "1"]
[SourceVersionDate "2021.10.06"]
[SourceQuality "1"]

1. b3 e5 2. Bb2 Nc6 3. g3 d5 4. Bg2 Nf6 5. Nf3 e4 6. Ng5 Bc5 7. d4 exd3 8. 0-0 h6 9. Nf3 dxe2 10. Qxe2+ Be6 11. Qb5 Bb6 12. Ne5 a6 13. Qa4 Qd6 14. Nd3 0-0-0 15. Ba3 Qd7 16. Bc5 Bh3 17. Nc3 Bxg2 18. Kxg2 d4 19. Bxb6 cxb6 20. Ne2 Qd5+ 21. Kg1 Rhe8 22. Nef4 Qf3 23. Qc4 g5 24. Qxf7 Nd7 25. Qd5 Nde5 26. Qxf3 Nxf3+ 27. Kg2 Nd2 28. Rfd1 Ne4 29. Nh5 Nc3 30. Rd2 Ne4 31. Re2 Nc3 32. Rd2 Ne4 33. Re2 1/2-1/2

[Event "SRB-chT2 West"]
[Site "Kragujevac"]
[Date "2015.10.08"]
[Round "6.1"]
[White "Stojanovic, Marko"]
[Black "Misailovic, Nebojsa"]
[Result "1/2-1/2"]
[WhiteElo "2291"]
[BlackElo "2326"]
[PlyCount "102"]
[EventDate "2015.09.04"]
[EventType "team-tourn"]
[EventRounds "11"]
[EventCountry "SRB"]
[SourceTitle "EXT 2022"]
[Source "ChessBase"]
[SourceDate "2021.10.06"]
[SourceVersion "1"]
[SourceVersionDate "2021.10.06"]
[SourceQuality "1"]

1. e4 c5 2. Nf3 Nc6 3. d4 cxd4 4. Nxd4 g6 5. Nxc6 bxc6 6. Qd4 Nf6 7. e5 Nd5 8. e6 f6 9. exd7+ Bxd7 10. Bc4 Qa5+ 11. c3 Nb6 12. Bb3 c5 13. Qe4 Bf5 14. Qc6+ Bd7 15. Qf3 Qb5 16. Nd2 a5 17. h4 Qc6 18. Qg3 c4 19. Bd1 Qe6+ 20. Be2 Rc8 21. Nf1 Qd6 22. Bf4 e5 23. Be3 Nd5 24. Nd2 Nxe3 25. Qxe3 Qe6 26. 0-0 Be7 27. b3 Bc5 28. Qg3 cxb3 29. axb3 Bb6 30. Rfd1 Bc7 31. Ne4 Bc6 32. Bc4 Qe7 33. Qe3 Kf8 34. Nc5 f5 35. Ne6+ Ke8 36. Qh6 Bd6 37. Rd2 Bd7 38. Ng7+ Kd8 39. Rad1 Rc6 40. h5 Qf8 41. Ne6+ Bxe6 42. Qxf8+ Rxf8 43. Rxd6+ Rxd6 44. Rxd6+ Bd7 45. hxg6 hxg6 46. Rxg6 Ke7 47. Ra6 a4 48. Ra7 Kd6 49. bxa4 Rc8 50. Bb5 Bxb5 51. axb5 Rxc3 1/2-1/2

[Event "SRB-ch Central"]
[Site "Kragujevac"]
[Date "2015.03.13"]
[Round "7"]
[White "Misailovic, Nebojsa"]
[Black "Sorgic, Dragan"]
[Result "0-1"]
[WhiteElo "2323"]
[BlackElo "2220"]
[PlyCount "126"]
[EventDate "2015.03.09"]
[EventType "swiss"]
[EventRounds "9"]
[EventCountry "SRB"]
[SourceTitle "CBM 165 Extra"]
[Source "ChessBase"]
[SourceDate "2015.04.21"]
[SourceVersion "1"]
[SourceVersionDate "2015.04.21"]
[SourceQuality "1"]

1. e4 e5 2. Bc4 Nf6 3. d3 Nc6 4. Nc3 Be7 5. Nf3 d6 6. a3 0-0 7. 0-0 h6 8. h3 Re8 9. Be3 Bf8 10. Nh2 Be6 11. Bxe6 Rxe6 12. Nd5 Ne7 13. c4 c6 14. Nxf6+ Rxf6 15. f4 exf4 16. Bd4 Re6 17. Rxf4 d5 18. exd5 cxd5 19. c5 Nc6 20. Bf2 a5 21. d4 a4 22. Qf3 Qd7 23. Rf1 Rae8 24. Bh4 f6 25. Qg4 Kh8 26. Nf3 Qc8 27. Qg6 R8e7 28. Bf2 Qe8 29. Qf5 g5 30. Rg4 Qd7 31. Rg3 Bg7 32. Qd3 Na5 33. h4 Re4 34. hxg5 fxg5 35. Ne5 Bxe5 36. dxe5 Nc6 37. Rh3 Kg7 38. Rd1 R4xe5 39. Qc3 Kg6 40. Bg3 Rf5 41. Qc2 Ne5 42. Rf1 Ng4 43. Qb1 Re4 44. Bd6 Rxf1+ 45. Qxf1 Qe6 46. Qf3 Qf5 47. Qf1 Qxf1+ 48. Kxf1 Ne3+ 49. Kf2 Nd1+ 50. Kf1 Nxb2 51. Rc3 Nc4 52. Kf2 Kf5 53. Rf3+ Ke6 54. Rh3 Rh4 55. Rxh4 gxh4 56. Bf8 h5 57. Kf3 Kf5 58. Be7 d4 59. Bf8 Ne5+ 60. Ke2 Ke4 61. Bh6 Ng6 62. Bg5 Nf4+ 63. Kf1 d3 0-1

[Event "SRB-ch Central"]
[Site "Kragujevac"]
[Date "2015.03.12"]
[Round "5"]
[White "Markovic, Miroslav"]
[Black "Misailovic, Nebojsa"]
[Result "1-0"]
[WhiteElo "2481"]
[BlackElo "2323"]
[PlyCount "63"]
[EventDate "2015.03.09"]
[EventType "swiss"]
[EventRounds "9"]
[EventCountry "SRB"]
[SourceTitle "CBM 165 Extra"]
[Source "ChessBase"]
[SourceDate "2015.04.21"]
[SourceVersion "1"]
[SourceVersionDate "2015.04.21"]
[SourceQuality "1"]

1. e4 c5 2. Nf3 Nc6 3. c3 d5 4. exd5 Qxd5 5. d4 Bg4 6. Be2 e6 7. h3 Bh5 8. c4 Qd6 9. d5 Ne5 10. Nc3 Nxf3+ 11. Bxf3 Bxf3 12. Qxf3 Nf6 13. 0-0 e5 14. Bg5 Nd7 15. Rad1 Qg6 16. h4 Bd6 17. Ne4 h5 18. Qf5 Be7 19. Qxg6 fxg6 20. g3 Bxg5 21. Nxg5 0-0 22. Ne6 Rf6 23. f4 exf4 24. Rxf4 a6 25. a4 b5 26. axb5 axb5 27. cxb5 Rxf4 28. gxf4 Ra4 29. d6 Kf7 30. Re1 Kf6 31. Ng5 Rd4 32. Re7 1-0

[Event "SRB-ch Central"]
[Site "Kragujevac"]
[Date "2015.03.10"]
[Round "2"]
[White "Misailovic, Nebojsa"]
[Black "Tadic, Branko"]
[Result "1-0"]
[WhiteElo "2323"]
[BlackElo "2496"]
[PlyCount "95"]
[EventDate "2015.03.09"]
[EventType "swiss"]
[EventRounds "9"]
[EventCountry "SRB"]
[SourceTitle "CBM 165 Extra"]
[Source "ChessBase"]
[SourceDate "2015.04.21"]
[SourceVersion "1"]
[SourceVersionDate "2015.04.21"]
[SourceQuality "1"]

1. e4 c5 2. Nf3 a6 3. Be2 Nc6 4. d4 cxd4 5. Nxd4 e5 6. Nb3 Nf6 7. Nc3 Bb4 8. 0-0 0-0 9. Nd5 Nxd5 10. exd5 Ne7 11. d6 Nc6 12. a3 Ba5 13. Nxa5 Qxa5 14. b4 Qd8 15. f4 b5 16. fxe5 Qb6+ 17. Rf2 Bb7 18. Bb2 Rae8 19. a4 Nxe5 20. axb5 axb5 21. Bd4 Qc6 22. Ra5 Nc4 23. Bf3 Qc8 24. Rxb5 Bxf3 25. Rxf3 Re6 26. Rc5 Qe8 27. Qd3 Nxd6 28. Rh5 Ne4 29. h3 Qb8 30. b5 Rfe8 31. c4 h6 32. Rhf5 Nd6 33. Rd5 Re1+ 34. Rf1 Rxf1+ 35. Qxf1 Re6 36. b6 Qe8 37. Bf2 Rf6 38. Qd3 Qb8 39. Bg3 Qxb6+ 40. c5 Qb2 41. Bxd6 Rf2 42. Qg3 Rf6 43. Be5 Qc1+ 44. Kh2 Rg6 45. Qf3 Qc4 46. Rxd7 Qxc5 47. Qxf7+ Kh7 48. Bxg7 1-0

[Event "SRB-ch Central"]
[Site "Kragujevac"]
[Date "2015.03.09"]
[Round "1"]
[White "Trpkovic, Miroljub"]
[Black "Misailovic, Nebojsa"]
[Result "0-1"]
[WhiteElo "1940"]
[BlackElo "2323"]
[PlyCount "62"]
[EventDate "2015.03.09"]
[EventType "swiss"]
[EventRounds "9"]
[EventCountry "SRB"]
[SourceTitle "CBM 165 Extra"]
[Source "ChessBase"]
[SourceDate "2015.04.21"]
[SourceVersion "1"]
[SourceVersionDate "2015.04.21"]
[SourceQuality "1"]

1. e4 c5 2. Nf3 d6 3. c3 Nf6 4. Be2 Nbd7 5. d3 g6 6. 0-0 Bg7 7. h3 b6 8. Re1 0-0 9. Nh2 Bb7 10. Nd2 Qc7 11. Bf1 d5 12. exd5 Nxd5 13. Ndf3 N7f6 14. Qe2 Rfe8 15. d4 cxd4 16. Nxd4 e5 17. Nb5 Qc6 18. Qc4 Qd7 19. Na3 a6 20. Qh4 Nh5 21. Be3 Nxe3 22. Rxe3 b5 23. Rae1 b4 24. g4 f5 25. Qg5 Bf6 26. Qh6 Qd6 27. R3e2 Ng3 28. Rd2 Qe7 29. Qe3 Bg5 30. f4 exf4 31. Qxe7 Bxe7 0-1

[Event "Pozarevac-ch"]
[Site "Pozarevac"]
[Date "2014.12.28"]
[Round "5"]
[White "Misailovic, Nebojsa"]
[Black "Cvetkovic, Srdjan"]
[Result "1/2-1/2"]
[WhiteElo "2323"]
[BlackElo "2287"]
[PlyCount "20"]
[EventDate "2014.12.26"]
[EventType "swiss"]
[EventRounds "5"]
[EventCountry "SRB"]
[SourceTitle "CBM 164 Extra"]
[Source "ChessBase"]
[SourceDate "2015.03.02"]
[SourceVersion "1"]
[SourceVersionDate "2015.03.02"]
[SourceQuality "1"]

1. e4 c5 2. Nf3 e6 3. Be2 Nc6 4. 0-0 Nf6 5. Nc3 d5 6. exd5 exd5 7. d4 c4 8. b3 Bb4 9. Nb1 cxb3 10. axb3 0-0 1/2-1/2

[Event "Pozarevac-ch"]
[Site "Pozarevac"]
[Date "2014.12.27"]
[Round "3"]
[White "Misailovic, Nebojsa"]
[Black "Milosevic, Jovana"]
[Result "1/2-1/2"]
[WhiteElo "2323"]
[BlackElo "2124"]
[PlyCount "127"]
[EventDate "2014.12.26"]
[EventType "swiss"]
[EventRounds "5"]
[EventCountry "SRB"]
[SourceTitle "CBM 164 Extra"]
[Source "ChessBase"]
[SourceDate "2015.03.02"]
[SourceVersion "1"]
[SourceVersionDate "2015.03.02"]
[SourceQuality "1"]

1. e4 d6 2. Bc4 e5 3. f4 exf4 4. Nf3 Be7 5. 0-0 Nf6 6. Qe2 0-0 7. Nc3 c6 8. d4 b5 9. Bd3 Nh5 10. Bd2 Bg4 11. a4 b4 12. Nd1 c5 13. Nf2 Bd7 14. d5 Bf6 15. e5 Re8 16. Bxh7+ Kxh7 17. Qd3+ g6 18. exf6 Bf5 19. Ng5+ Kg8 20. Qf3 Nd7 21. Bxf4 Nxf4 22. Qxf4 Nxf6 23. Qh4 Kg7 24. Nfh3 Rh8 25. Qg3 Qd7 26. Rf2 Rae8 27. Raf1 Re5 28. Rf3 Nxd5 29. Nf2 f6 30. Ngh3 Rhe8 31. Nf4 Nxf4 32. Qxf4 g5 33. Qg3 Re1 34. h4 Rxf1+ 35. Kxf1 Kg6 36. hxg5 fxg5 37. Nd3 Bxd3+ 38. Rxd3 d5 39. Rf3 Qe6 40. Qf2 Qe5 41. g3 Re6 42. Qd2 Rf6 43. Qd3+ Kg7 44. Rxf6 Qxf6+ 45. Kg2 d4 46. Qe4 Qg6 47. Qe5+ Kh6 48. Qh8+ Qh7 49. Qf8+ Kh5 50. g4+ Kg6 51. Qf5+ Kh6 52. Qf6+ Qg6 53. Qh8+ Qh7 54. Qf8+ Kg6 55. Qxc5 Qb7+ 56. Kg3 Qb8+ 57. Kh3 Qf4 58. Qc6+ Kg7 59. Qd7+ Kg6 60. Qe6+ Kg7 61. Qe7+ Kg6 62. Qe8+ Kg7 63. Qe7+ Kg6 64. Qe8+ 1/2-1/2

[Event "SRB-chT2 West"]
[Site "Sabac"]
[Date "2014.09.28"]
[Round "6.6"]
[White "Vujic, Mihailo"]
[Black "Misailovic, Nebojsa"]
[Result "0-1"]
[WhiteElo "2337"]
[BlackElo "2309"]
[PlyCount "119"]
[EventDate "2014.09.25"]
[EventType "team-swiss"]
[EventRounds "6"]
[EventCountry "SRB"]
[SourceTitle "EXT 2015"]
[Source "ChessBase"]
[SourceDate "2014.11.20"]
[SourceVersion "1"]
[SourceVersionDate "2014.11.20"]
[SourceQuality "1"]

1. e4 c5 2. c3 Nf6 3. e5 Nd5 4. d4 cxd4 5. Nf3 e6 6. cxd4 d6 7. Nc3 Nxc3 8. bxc3 Qc7 9. Bd2 Nd7 10. Ng5 Be7 11. exd6 Bxd6 12. Qh5 Nf6 13. Bb5+ Kf8 14. Qf3 h6 15. Ne4 Nxe4 16. Qxe4 g6 17. Qh4 Kg7 18. 0-0 b6 19. Bd3 Bb7 20. c4 Be7 21. Qg4 Rad8 22. d5 Bf6 23. Bf4 Qd7 24. Rad1 exd5 25. Qg3 d4 26. Be5 Qc6 27. Rfe1 Rhe8 28. Be4 Qe6 29. Bxb7 Bxe5 30. f4 Qd7 31. Bd5 Bf6 32. Qf3 Re7 33. Rxe7 Qxe7 34. h3 Qc5 35. Kh2 b5 36. Qb3 h5 37. Qd3 Qc7 38. Rf1 h4 39. Kh1 bxc4 40. Bxc4 Rc8 41. Bb3 Qe7 42. Qb5 Rc3 43. Qd5 Re3 44. Kh2 Qc7 45. Kh1 Re7 46. Qf3 Qd6 47. Rd1 Qc7 48. Rf1 Qc5 49. Rd1 Qf5 50. Bc4 Qc5 51. Bb3 a5 52. Rf1 Re3 53. Qb7 Re7 54. Qf3 Qb5 55. Rd1 a4 56. Bc2 Re3 57. Bd3 Qb2 58. Qg4 Qxa2 59. f5 g5 60. Bf1 0-1

[Event "SRB-chT2 West"]
[Site "Vrnjacka Banja"]
[Date "2013.10.12"]
[Round "4"]
[White "Smolovic, Mile"]
[Black "Misailovic, Nebojsa"]
[Result "0-1"]
[WhiteElo "2355"]
[BlackElo "2306"]
[PlyCount "68"]
[EventDate "2013.10.10"]
[EventType "team-tourn"]
[EventRounds "8"]
[EventCountry "SRB"]
[SourceTitle "EXT 2014"]
[Source "ChessBase"]
[SourceDate "2013.11.20"]
[SourceVersion "1"]
[SourceVersionDate "2013.11.20"]
[SourceQuality "1"]

1. e4 c5 2. Nf3 d6 3. d4 cxd4 4. Nxd4 Nf6 5. Nc3 a6 6. Be3 Ng4 7. Bg5 h6 8. Bh4 g5 9. Bg3 Bg7 10. h3 Ne5 11. f3 Nbc6 12. Bf2 Nxd4 13. Bxd4 Be6 14. Qd2 Rc8 15. 0-0-0 Qc7 16. h4 b5 17. a3 Qa5 18. Qe3 Rb8 19. hxg5 b4 20. gxh6 Bf6 21. axb4 Rxb4 22. Be2 Rxd4 23. Qxd4 Nc4 24. Bxc4 Bxd4 25. Rxd4 Qc5 26. Bxe6 Qxd4 27. Bh3 Rxh6 28. Rd1 Qe3+ 29. Kb1 Kf8 30. Nd5 Qe2 31. Rd3 Rh5 32. b3 e6 33. Nf4 Qe1+ 34. Kb2 Ra5 0-1

[Event "SRB-chT2 West"]
[Site "Vrnjacka Banja"]
[Date "2013.10.11"]
[Round "3"]
[White "Misailovic, Nebojsa"]
[Black "Brkljaca, Ante"]
[Result "1-0"]
[WhiteElo "2306"]
[BlackElo "2322"]
[PlyCount "87"]
[EventDate "2013.10.10"]
[EventType "team-tourn"]
[EventRounds "8"]
[EventCountry "SRB"]
[SourceTitle "EXT 2014"]
[Source "ChessBase"]
[SourceDate "2013.11.20"]
[SourceVersion "1"]
[SourceVersionDate "2013.11.20"]
[SourceQuality "1"]

1. e4 c5 2. Nf3 Nc6 3. d4 cxd4 4. Nxd4 g6 5. c4 Bg7 6. Be3 Nf6 7. Nc3 0-0 8. Be2 d6 9. 0-0 Bd7 10. Rc1 Nxd4 11. Bxd4 Bc6 12. f3 a5 13. Qd2 Nd7 14. Be3 Nc5 15. Rfe1 a4 16. Bf1 Qa5 17. Rc2 Rfc8 18. Rb1 Qd8 19. Qf2 Qf8 20. Re1 Na6 21. Bg5 h6 22. Be3 Bf6 23. Qd2 h5 24. Bf2 e6 25. Be3 Rd8 26. Qf2 Nb4 27. Rcc1 Qg7 28. a3 Na6 29. f4 Re8 30. Nb5 Be7 31. Bd4 e5 32. Bc3 Qf6 33. g3 h4 34. Bg2 hxg3 35. hxg3 Bxb5 36. cxb5 Nc5 37. Rcd1 Bd8 38. Bf3 Bb6 39. Kg2 Nd7 40. Qd2 Bc5 41. Rh1 Kg7 42. Bg4 Nb6 43. fxe5 dxe5 44. Rdf1 1-0

[Event "SRB-chT"]
[Site "Vrnjacka Banja"]
[Date "2012.10.04"]
[Round "8.5"]
[White "Markovic, Zoran S"]
[Black "Misailovic, Nebojsa"]
[Result "1-0"]
[WhiteElo "2361"]
[BlackElo "2313"]
[PlyCount "81"]
[EventDate "2012.09.29"]
[EventType "team-tourn"]
[EventRounds "11"]
[EventCountry "SRB"]
[SourceTitle "CBM 150 Extra"]
[Source "ChessBase"]
[SourceDate "2012.10.19"]
[SourceVersion "1"]
[SourceVersionDate "2012.10.19"]
[SourceQuality "1"]
[WhiteTeam "Petrovac"]
[BlackTeam "Uzice Sloboda"]
[WhiteTeamCountry "SRB"]
[BlackTeamCountry "SRB"]

1. e4 c5 2. Nf3 Nc6 3. d4 cxd4 4. Nxd4 g6 5. c4 Bg7 6. Be3 Nf6 7. Nc3 Ng4 8. Qxg4 Nxd4 9. Qd1 Ne6 10. Rc1 Qa5 11. Be2 b6 12. 0-0 Bb7 13. f3 f5 14. exf5 gxf5 15. f4 Rc8 16. a3 Ba6 17. Nb5 Bxb2 18. Bd2 Bxc1 19. Bxa5 Be3+ 20. Kh1 bxa5 21. Qd3 Bb6 22. Qxf5 Rc5 23. Qg4 Bxb5 24. cxb5 Rc2 25. f5 Rxe2 26. Qxe2 Nd4 27. Qh5+ Kd8 28. Qf7 Re8 29. Rc1 Nxb5 30. Rc8+ Kxc8 31. Qxe8+ Bd8 32. g4 Nd6 33. Qf8 Ne4 34. Qg8 Nc5 35. g5 Kc7 36. Qd5 d6 37. g6 e6 38. Qd4 hxg6 39. fxg6 Nd7 40. Qc4+ Kb7 41. Qxe6 1-0

[Event "SRB-chT"]
[Site "Vrnjacka Banja"]
[Date "2012.10.03"]
[Round "6.4"]
[White "Misailovic, Nebojsa"]
[Black "Cvetanovic, Uros"]
[Result "1-0"]
[WhiteElo "2313"]
[BlackElo "2229"]
[PlyCount "105"]
[EventDate "2012.09.29"]
[EventType "team-tourn"]
[EventRounds "11"]
[EventCountry "SRB"]
[SourceTitle "CBM 150 Extra"]
[Source "ChessBase"]
[SourceDate "2012.10.19"]
[SourceVersion "1"]
[SourceVersionDate "2012.10.19"]
[SourceQuality "1"]
[WhiteTeam "Uzice Sloboda"]
[BlackTeam "Paracin"]
[WhiteTeamCountry "SRB"]
[BlackTeamCountry "SRB"]

1. e4 c5 2. Nf3 d6 3. d4 cxd4 4. Nxd4 Nf6 5. Nc3 g6 6. Be3 Bg7 7. f3 Nc6 8. Qd2 0-0 9. 0-0-0 Nxd4 10. Bxd4 Be6 11. Kb1 Qc7 12. g4 Rfc8 13. h4 Qa5 14. a3 Rab8 15. h5 b5 16. hxg6 hxg6 17. Nd5 Qxd2 18. Rxd2 Bxd5 19. exd5 Rc7 20. Rdh2 b4 21. a4 Rd8 22. Bd3 Rdc8 23. f4 Rc5 24. g5 Nh5 25. Bxc5 Rxc5 26. f5 Nf4 27. fxg6 Nxd3 28. gxf7+ Kxf7 29. cxd3 Rxd5 30. Rg2 Rxd3 31. g6+ Kg8 32. Rhg1 Rh3 33. a5 Bd4 34. Rg3 Rh5 35. Rg5 Rh2 36. R1g2 Rh3 37. R5g3 Rh5 38. a6 Kg7 39. Rc2 Bc5 40. Ka2 e5 41. Rcg2 Rh6 42. Kb3 e4 43. Kc4 e3 44. Rg4 Bb6 45. Kd3 Bc5 46. b3 Rh8 47. Re4 d5 48. Rf4 Rh1 49. Rf7+ Kg8 50. Rc2 Rd1+ 51. Ke2 Rd2+ 52. Rxd2 exd2 53. Kxd2 1-0

[Event "SRB-chT"]
[Site "Vrnjacka Banja"]
[Date "2012.10.03"]
[Round "7.3"]
[White "Todorovic, Jovan"]
[Black "Misailovic, Nebojsa"]
[Result "1-0"]
[WhiteElo "2427"]
[BlackElo "2313"]
[PlyCount "61"]
[EventDate "2012.09.29"]
[EventType "team-tourn"]
[EventRounds "11"]
[EventCountry "SRB"]
[SourceTitle "CBM 150 Extra"]
[Source "ChessBase"]
[SourceDate "2012.10.19"]
[SourceVersion "1"]
[SourceVersionDate "2012.10.19"]
[SourceQuality "1"]
[WhiteTeam "Goracici Jelica"]
[BlackTeam "Uzice Sloboda"]
[WhiteTeamCountry "SRB"]
[BlackTeamCountry "SRB"]

1. e4 c5 2. Nf3 Nc6 3. Bb5 g6 4. 0-0 Bg7 5. c3 a6 6. Bxc6 dxc6 7. d4 cxd4 8. cxd4 Bg4 9. Be3 c5 10. Nbd2 cxd4 11. Bg5 f6 12. Bh4 e5 13. Qb3 Qd7 14. Rac1 Ne7 15. Nc4 Be6 16. Qxb7 Bxc4 17. Qxa8+ Kf7 18. Qxh8 Bxh8 19. Rxc4 g5 20. Bg3 Qb7 21. b3 Qxe4 22. Bxe5 g4 23. Re1 Qa8 24. Bg3 gxf3 25. Rc7 Kg6 26. Rcxe7 Qd5 27. R7e6 Kf7 28. Rd6 Qc5 29. Rd7+ Kg6 30. gxf3 Bg7 31. Re4 1-0